[Event "Challenge"]
[Site "http://www.queenalice.com/game.php?id=813172"]
[Date "2010.8.4"]
[Round "-"]
[White "dbhulse"]
[Black "mickeymouse"]
[Result "1-0"]
[WhiteElo "1305"]
[BlackElo "1094"]

1. e4 d5 2. exd5 Qxd5 3. Nc3 Qe6+ 4. Be2 Nf6 5. f3 b6 6. b3 Ba6 7. d3 Nc6 8. Bf4
Nd5 9. Bd2 Qe5 10. Nxd5 Qxd5 11. Nh3 e5 12. O-O Bc5+ 13. Nf2 O-O-O 14. c4 Qd4
15. h3 Rd6 16. a3 Re8 17. b4 Rg6 18. bxc5 Qh4 19. Ne4 f5 20. Be1 Qxh3 21. Ng3
Qh4 22. Qa4 Kb7 23. Bf2 Rh6 24. Be3 Qxg3 25. Bxh6 Nd4 26. Bd1 gxh6 27. Qxe8 f4
28. Qxe5 Nc6 29. Qf6 Kb8 30. Qxc6 Bc8 31. Ra2 Bb7 32. Qe8+ Bc8 33. Ba4 Qg7 34.
Re1 Kb7 35. Re7 Qg3 36. Qc6+ Kb8 37. Rxc7 h5 38. Rxc8# 1-0

[Event "AUTO-OPEN-2063"]
[Site "http://www.queenalice.com/game.php?id=813264"]
[Date "2010.8.4"]
[Round "1"]
[White "Guiga19590"]
[Black "dbhulse"]
[Result "0-1"]
[WhiteElo "1598"]
[BlackElo "1387"]

1. d4 d5 2. c4 dxc4 3. Nc3 c6 4. a4 g6 5. e4 Bg7 6. Be3 Be6 7. Nf3 a6 8. Ng5 Qd7
9. a5 h6 10. Nxe6 Qxe6 11. d5 Bxc3+ 12. bxc3 Qxe4 13. Qd4 Nf6 14. Qxe4 Nxe4 15.
Bxc4 cxd5 16. Bxd5 Nd6 17. c4 g5 18. c5 Nb5 19. Bxb7 Ra7 20. c6 Nxc6 21. Bxc6+
Rd7 22. Bxd7+ Kxd7 23. O-O Rc8 24. Rfd1+ Ke8 25. Rac1 Rb8 26. Bb6 f5 27. Rc6 Nd4
28. Rxd4 e5 29. Rdd6 Ke7 30. Re6+ Kd7 31. Rxh6 Rc8 32. Rxc8 Kxc8 33. Rh5 f4 34.
Rxg5 e4 35. h4 e3 36. fxe3 fxe3 37. Rg7 e2 38. Kf2 e1=Q+ 39. Kxe1 Kb8 40. h5 Ka8
41. h6 Kb8 0-1

[Event "AUTO-OPEN-2063"]
[Site "http://www.queenalice.com/game.php?id=813265"]
[Date "2010.8.4"]
[Round "1"]
[White "dbhulse"]
[Black "Guiga19590"]
[Result "1-0"]
[WhiteElo "1349"]
[BlackElo "1598"]

1. e4 c5 2. Bc4 e6 3. Nf3 d5 4. exd5 exd5 5. Be2 Nf6 6. O-O Be7 7. d3 Nc6 8. Nc3
h6 9. b3 O-O 10. Na4 Bd6 11. c4 d4 12. Ba3 b6 13. g3 Bh3 14. Re1 Re8 15. Nb2 Qc7
16. Bf1 Bg4 17. h3 Bxf3 18. Qxf3 Ne5 19. Qe2 Nxc4 20. Qf3 Nxa3 21. Rac1 Rxe1 22.
Rxe1 Re8 23. Be2 Qe7 24. Nc4 Nc2 25. Rc1 Qxe2 26. Qb7 Bf8 27. Qxa7 Ne3 28. fxe3
dxe3 29. Qxb6 Qf2+ 30. Kh1 e2 31. Qa5 e1=Q+ 32. Rxe1 1-0

[Event "AUTO-OPEN-2063"]
[Site "http://www.queenalice.com/game.php?id=813292"]
[Date "2010.8.4"]
[Round "1"]
[White "Sigmund"]
[Black "dbhulse"]
[Result "1-0"]
[WhiteElo "1668"]
[BlackElo "1352"]

1. e4 e5 2. Bc4 d6 3. h3 Nf6 4. d3 Be7 5. Nf3 O-O 6. Bg5 Nc6 7. O-O h6 8. Bh4 g5
9. Bg3 Nh5 10. Nxg5 Nxg3 11. Nxf7 Qe8 12. Nxd6+ Kh8 13. Nxe8 Nxf1 14. Nxc7 Rb8
15. Kxf1 a6 16. Ne6 Rf6 17. Qg4 Bxe6 18. Bxe6 Rbf8 19. Nc3 Rxf2+ 20. Kg1 Nd8 21.
Nd5 Bc5 22. Kh2 Rxc2 23. Qh5 Kg7 24. Qg4+ Kh7 25. Nf6+ Rxf6 26. Qg8# 1-0

[Event "AUTO-OPEN-2063"]
[Site "http://www.queenalice.com/game.php?id=813293"]
[Date "2010.8.4"]
[Round "1"]
[White "dbhulse"]
[Black "Sigmund"]
[Result "0-1"]
[WhiteElo "1335"]
[BlackElo "1671"]

1. e4 e6 2. d4 d5 3. e5 Nc6 4. Nf3 Bd7 5. Bd3 Qe7 6. O-O O-O-O 7. Bg5 f6 8. exf6
gxf6 9. Bh4 Qg7 10. Nc3 e5 11. dxe5 Bh3 12. Bg3 Bg4 13. Bh4 Nd4 14. exf6 Nxf6
15. h3 Bxh3 16. Ng5 Bg4 17. g3 Bxd1 18. Raxd1 Bc5 19. Nxd5 Rxd5 20. c3 Rxg5 21.
Bxg5 Nf3+ 22. Kg2 Nxg5 23. f4 Ng4 24. Bf5+ Kb8 25. Bxg4 Ne4 26. Bf3 Qxg3+ 27.
Kh1 Qh3# 0-1

[Event "AUTO-OPEN-2063"]
[Site "http://www.queenalice.com/game.php?id=813312"]
[Date "2010.8.4"]
[Round "1"]
[White "dbhulse"]
[Black "SallesAndre"]
[Result "0-1"]
[WhiteElo "1421"]
[BlackElo "1861"]

1. e4 e5 2. d3 Nf6 3. Nf3 Nc6 4. Be2 Bc5 5. O-O h6 6. c3 a5 7. Nbd2 d6 8. Qa4
Bd7 9. Nc4 Nd4 10. Qd1 Nxf3+ 11. Bxf3 O-O 12. d4 exd4 13. cxd4 Bb6 14. e5 dxe5
15. dxe5 Nh7 16. Bxb7 Rb8 17. Be4 Bb5 18. b3 Ng5 19. Bb1 Qxd1 20. Rxd1 Bxc4 21.
bxc4 Rbd8 22. Rd5 Rxd5 23. cxd5 Bd4 24. Ba3 Rb8 25. Bh7+ Kxh7 26. Rc1 Ne4 27.
Rxc7 Bc5 28. Bc1 Rb1 29. g3 Rxc1+ 30. Kg2 Ba3 31. Rxf7 Rc2 32. Kf3 Ng5+ 33. Kf4
Bc1+ 34. Kf5 Rxf2+ 35. Kg4 Rxf7 36. h4 Ne4 37. e6 Nf2+ 38. Kh5 g6# 0-1

[Event "AUTO-OPEN-2063"]
[Site "http://www.queenalice.com/game.php?id=813313"]
[Date "2010.8.4"]
[Round "1"]
[White "SallesAndre"]
[Black "dbhulse"]
[Result "1-0"]
[WhiteElo "1867"]
[BlackElo "1421"]

1. e4 e5 2. Bc4 Nf6 3. Nf3 h6 4. Nxe5 Qe7 5. Nxf7 Rh7 6. d3 c6 7. Bf4 Qb4+ 8. c3
Qb6 9. b4 d5 10. exd5 cxd5 11. Be3 Qc7 12. Bb5+ Nc6 13. Bxc6+ bxc6 14. Qe2 Qxf7
15. Bc5+ Be7 16. O-O Bb7 17. Re1 O-O-O 18. Bxe7 Re8 19. h3 Ng8 20. Qg4+ Kc7 21.
Bd6+ Kxd6 22. Na3 Nf6 23. Qf4+ Kd7 24. b5 c5 25. c4 d4 26. Qf5+ Re6 27. Nb1 g6
28. Qxe6+ Qxe6 29. Rxe6 Kxe6 30. Nd2 Kf7 31. a4 Kf8 32. Nb3 Nd7 33. a5 Ne5 34.
Nxc5 Bc8 35. f4 Nd7 36. Ne6+ Ke7 37. Re1 Kf6 38. g4 Re7 39. g5+ 1-0

[Event "Challenge"]
[Site "http://www.queenalice.com/game.php?id=818618"]
[Date "2010.8.15"]
[Round "-"]
[White "Pabl"]
[Black "dbhulse"]
[Result "0-1"]
[WhiteElo "1652"]
[BlackElo "1439"]

1. e4 e5 2. Nf3 d6 3. d4 exd4 4. Nxd4 Nf6 5. Nc3 d5 6. exd5 Nxd5 7. Nxd5 Qxd5 8.
c4 Qd8 9. Bf4 Bb4+ 10. Ke2 Qe7+ 11. Kf3 O-O 12. a3 Bc5 13. Nf5 Bxf5 14. Qd5 g6
15. Bh6 Re8 16. Qd3 Bxd3 17. Bxd3 Qh4 18. Bf4 f5 19. g3 Qh5+ 20. Kg2 Bd6 21. Be3
Nc6 22. Rhe1 Rf8 23. Be2 Nd4 24. Bxh5 Nc2 25. Bf3 c6 26. Rad1 Nxe1+ 27. Rxe1 f4
28. gxf4 Bxf4 29. Bc5 Rf5 30. Be7 a5 31. Bg4 Rf7 32. Be6 Re8 33. Bc5 Kg7 34.
Bd4+ Rf6 35. Kf3 Bd2+ 36. Bxf6+ Kxf6 37. Re2 Bg5 38. Bg4 Rd8 39. Re6+ Kf7 40.
Re5 Kf6 41. Ke4 Rd2 42. Rxa5 Rxb2 43. Ra7 Bh4 44. f4 Bf2 45. Ra8 Bc5 46. a4 Rxh2
47. Ra5 b6 48. Ra8 Rh4 49. Bd7 g5 50. Bxc6 gxf4 51. Rf8+ Kg5 52. Rf5+ Kg6 53.
Ke5 Bd6+ 54. Ke4 f3+ 55. Kd5 Kxf5 56. Kxd6 f2 57. Bg2 Rh2 0-1

[Event "Challenge"]
[Site "http://www.queenalice.com/game.php?id=818619"]
[Date "2010.8.15"]
[Round "-"]
[White "dbhulse"]
[Black "Pabl"]
[Result "0-1"]
[WhiteElo "1400"]
[BlackElo "1515"]

1. e4 e5 2. Nf3 Nc6 3. Bb5 Nf6 4. Bxc6 dxc6 5. Nxe5 Nxe4 6. Qf3 Qd5 7. Qf4 Bd6
8. Nc3 Qxe5 9. Qxe4 Qxe4+ 10. Nxe4 Bb4 11. O-O O-O 12. c3 Bf5 13. Ng3 Bd3 14.
Re1 Bd6 15. Re3 Bg6 16. Ne2 Rae8 17. Rxe8 Rxe8 18. Nd4 Re1# 0-1

[Event "AUTO-BEG-416"]
[Site "http://www.queenalice.com/game.php?id=819238"]
[Date "2010.8.16"]
[Round "1"]
[White "vinoseco"]
[Black "dbhulse"]
[Result "0-1"]
[WhiteElo "1459"]
[BlackElo "1378"]

1. e4 e5 2. Nf3 Nc6 3. Nc3 d6 4. d3 Be7 5. Nd2 Nf6 6. Nf3 b6 7. Be2 Be6 8. O-O
d5 9. exd5 Bxd5 10. Nh4 Bb4 11. Nb1 O-O 12. a3 Be7 13. Qd2 Nd4 14. c3 Nb3 15.
Qe3 Nxa1 16. Qxe5 Nb3 17. Bg5 c6 18. c4 Be6 19. Nc3 h6 20. Be3 g5 21. Nf3 Ng4
22. Qe4 Nxe3 23. fxe3 Nc5 24. Qxc6 Bg4 25. Ne5 Bxe2 26. Nxe2 f6 27. Ng4 h5 28.
Nf2 Rc8 29. Qb5 Nxd3 30. Ne4 Ne5 31. N2g3 Rxc4 32. Qb3 h4 33. Nf5 Kh7 34. Nd2
Qxd2 35. Rd1 Rc1 36. Rxc1 Qxc1+ 37. Kf2 Kg6 38. Nxe7+ Kg7 39. g3 h3 40. Nf5+ Kg6
41. e4 Qd2+ 42. Kg1 Qg2# 0-1

[Event "AUTO-BEG-416"]
[Site "http://www.queenalice.com/game.php?id=819239"]
[Date "2010.8.16"]
[Round "1"]
[White "dbhulse"]
[Black "vinoseco"]
[Result "1-0"]
[WhiteElo "1100"]
[BlackElo "1299"]

1. e4 Nf6 2. d3 e5 3. Nf3 Nc6 4. c3 Ne7 5. Be3 Nc6 6. b4 Bd6 7. Na3 O-O 8. Nc4
Ng4 9. h3 Nf6 10. Nxd6 cxd6 11. d4 Nxe4 12. Bd2 exd4 13. cxd4 d5 14. Bd3 Nd6 15.
Bb1 Nc4 16. Qc2 Qe7+ 17. Kf1 b5 18. Qxh7# 1-0

[Event "AUTO-BEG-416"]
[Site "http://www.queenalice.com/game.php?id=819252"]
[Date "2010.8.16"]
[Round "1"]
[White "JeanRezende"]
[Black "dbhulse"]
[Result "1-0"]
[WhiteElo "1356"]
[BlackElo "1375"]

1. e4 e5 2. Qh5 d6 3. Bc4 g6 4. Qe2 Nh6 5. Qf3 Nc6 6. g4 Bxg4 7. Qb3 Na5 8. Bb5+
c6 9. Qa4 cxb5 10. Qxb5+ Bd7 11. Qd5 Bc6 12. Qd3 a6 13. Qe2 Qc7 14. d3 Be7 15.
b3 g5 16. Nc3 Bd7 17. Bb2 O-O 18. Nd5 Qd8 19. O-O-O Bc6 20. Qh5 Kg7 21. Nxe7
Qxe7 22. Nh3 f6 23. Rhg1 Nf7 24. f3 Be8 25. Rd2 Nh6 26. Qxe8 Rfxe8 27. Kb1 f5
28. Nxg5 fxe4 29. dxe4 Kf6 30. Rd5 Nc6 31. f4 Rac8 32. Rf1 Nb4 33. Rd2 Rc5 34.
a3 1-0

[Event "AUTO-BEG-416"]
[Site "http://www.queenalice.com/game.php?id=819253"]
[Date "2010.8.16"]
[Round "1"]
[White "dbhulse"]
[Black "JeanRezende"]
[Result "1-0"]
[WhiteElo "1325"]
[BlackElo "1302"]

1. e4 e5 2. Bc4 Qg5 3. g3 c5 4. Nf3 Qe7 5. d3 d6 6. Ng5 Qd7 7. Nxf7 d5 8. Nxh8
dxc4 9. dxc4 Bd6 10. Bg5 Qc6 11. Qf3 Qc7 12. Qh5+ Kd7 13. Nc3 Qb6 14. b3 Nc6 15.
Nd5 Qa5+ 16. c3 Nf6 17. Bxf6 gxf6 18. b4 cxb4 19. cxb4 Nxb4 20. O-O Qd8 21.
Qxh7+ Kc6 22. Nf7 Qd7 23. Qg6 Qe6 24. Nd8+ Kc5 25. Nxe6+ 1-0

[Event "AUTO-BEG-416"]
[Site "http://www.queenalice.com/game.php?id=819262"]
[Date "2010.8.16"]
[Round "1"]
[White "dbhulse"]
[Black "Rissoli"]
[Result "0-1"]
[WhiteElo "1439"]
[BlackElo "1981"]

1. e4 c5 2. Bc4 Nc6 3. Qf3 Ne5 4. Qb3 Nxc4 5. Qxc4 d6 6. Nf3 Be6 7. Qb5+ Qd7 8.
Qe2 g6 9. c4 Bg7 10. Nc3 Nf6 11. h3 a6 12. Na4 Qxa4 13. b3 Qc6 14. d4 Qxe4 15.
Qxe4 Nxe4 16. d5 Bxa1 17. dxe6 Bc3+ 18. Bd2 Nxd2 19. Nxd2 Bxd2+ 20. Kxd2 fxe6
21. Re1 Kd7 22. g4 Rhf8 23. Ke3 d5 24. cxd5 exd5 25. f4 Kd6 26. h4 e5 27. fxe5+
Kxe5 28. Kd3+ Kd6 29. a4 b5 30. a5 c4+ 31. Kc3 Rf3+ 32. Kb4 Rxb3# 0-1

[Event "AUTO-BEG-416"]
[Site "http://www.queenalice.com/game.php?id=819263"]
[Date "2010.8.16"]
[Round "1"]
[White "Rissoli"]
[Black "dbhulse"]
[Result "1-0"]
[WhiteElo "2042"]
[BlackElo "1424"]

1. e4 e5 2. Nf3 d6 3. Bc4 Nh6 4. d4 f6 5. dxe5 dxe5 6. Qxd8+ Kxd8 7. Nc3 c6 8.
Bxh6 gxh6 9. O-O-O+ Nd7 10. Rd3 b5 11. Be6 b4 12. Ne2 a5 13. Rhd1 Ra7 14. Nh4
Ke7 15. Bh3 Nc5 16. Bxc8 Nxd3+ 17. Rxd3 Rg8 18. Bf5 Rg7 19. Bh3 c5 20. Nf5+ Ke8
21. Nxg7+ Bxg7 22. Ng3 c4 23. Rd6 a4 24. Nf5 a3 25. Nxg7+ Rxg7 26. Rxf6 axb2+
27. Kxb2 Ke7 28. Re6+ Kd8 29. Rxe5 Kc7 30. Rc5+ Kd6 31. Rxc4 Ke5 32. Rxb4 Rf7
33. Bf5 1-0

[Event "AUTO-INT-1826"]
[Site "http://www.queenalice.com/game.php?id=836490"]
[Date "2010.9.22"]
[Round "1"]
[White "dbhulse"]
[Black "Cassiox"]
[Result "0-1"]
[WhiteElo "1500"]
[BlackElo "1515"]

1. e4 f5 2. e5 Nc6 3. d4 e6 4. f4 b6 5. Bb5 Bb7 6. d5 exd5 7. Qxd5 Nge7 8. Qb3
Nd4 9. Qc4 Ne6 10. Nf3 a6 11. Bxd7+ Qxd7 12. O-O Bd5 13. Qe2 b5 14. b4 Bc4 0-1

[Event "AUTO-INT-1826"]
[Site "http://www.queenalice.com/game.php?id=836491"]
[Date "2010.9.22"]
[Round "1"]
[White "Cassiox"]
[Black "dbhulse"]
[Result "1-0"]
[WhiteElo "1540"]
[BlackElo "1392"]

1. e4 e5 2. Bc4 Nf6 3. d3 d5 4. exd5 Nxd5 5. Nf3 Bc5 6. O-O Nc6 7. Re1 f6 8. b3
O-O 9. Nc3 Ne7 10. a3 b5 11. Nxd5 bxc4 12. Nxe7+ Qxe7 13. b4 Bd6 14. dxc4 c5 15.
Qd5+ Be6 16. Qd3 f5 17. Nxe5 cxb4 18. Nc6 Qc7 19. Rxe6 1-0

[Event "AUTO-INT-1826"]
[Site "http://www.queenalice.com/game.php?id=836494"]
[Date "2010.9.22"]
[Round "1"]
[White "dbhulse"]
[Black "saraquette"]
[Result "0-1"]
[WhiteElo "1421"]
[BlackElo "1614"]

1. d4 d5 2. Nc3 a6 3. e4 c6 4. e5 e6 5. Nf3 h6 6. Bd3 Bb4 7. Bd2 b5 8. a3 Ba5 9.
b4 Bb6 10. a4 Ba7 11. a5 Ne7 12. O-O Nd7 13. Ne2 Ng6 14. Bxg6 fxg6 15. Nh4 Qxh4
16. g3 Qe7 17. Nf4 Qf7 18. Qg4 Nf8 19. h4 Bxd4 20. Rad1 Bxe5 21. Rfe1 Bf6 22.
Nd3 Ra7 23. Be3 h5 24. Ne5 hxg4 0-1

[Event "AUTO-INT-1826"]
[Site "http://www.queenalice.com/game.php?id=836495"]
[Date "2010.9.22"]
[Round "1"]
[White "saraquette"]
[Black "dbhulse"]
[Result "1-0"]
[WhiteElo "1622"]
[BlackElo "1411"]

1. d4 d5 2. h3 f6 3. Bf4 g5 4. Bh2 Nc6 5. e3 e6 6. a3 Bd7 7. c4 dxc4 8. Bxc4 Na5
9. Ba2 c6 10. b4 b6 11. bxa5 bxa5 12. Qh5+ Ke7 13. Nf3 Be8 14. Qg4 Nh6 15. Qg3
Nf5 16. Qg4 h5 17. Qe4 Qb6 18. Qxe6+ Kd8 19. Qxf6+ Be7 20. Qxh8 Qb2 21. O-O Qxa1
22. Bf7 Kd7 23. Ne5+ Kc7 24. Bxe8 1-0